header

Episcopal women (Record no. 90510)

MARC details
000 -LEADER
fixed length control field 01480nam a2200349Ia 4500
245 00 - TITLE STATEMENT
Title Episcopal women
260 ## - PUBLICATION, DISTRIBUTION, ETC. (IMPRINT)
Place of publication New York :
Name of publisher Oxford University Press,
Year of publication 1992.
300 ## - PHYSICAL DESCRIPTION
Number of Pages xii, 363 p.
490 1# - SERIES STATEMENT
Series statement Religion in America series
650 #0 - SUBJECT ADDED ENTRY--TOPICAL TERM
Topical Term Women in the Anglican Communion.
Topical Term Feminism
Topical Term Anglican Communion
700 1# - ADDED ENTRY--PERSONAL NAME
Personal name Prelinger, Catherine M.
856 40 - ELECTRONIC LOCATION AND ACCESS
Uniform Resource Identifier http://site.ebrary.com/lib/rucke/Doc?id=10142062

No items available.

© 2026 Rongo University
Contact us: librarian | system librarian | Rongo university